_Evironmental Scince Toward a Sustainable Future Richard T. Wright (Record no. 13696)
[ view plain ]
| 000 -LEADER | |
|---|---|
| fixed length control field | 00474nam a2200157Ia 4500 |
| 008 - FIXED-LENGTH DATA ELEMENTS--GENERAL INFORMATION | |
| fixed length control field | 151021s9999 xx 000 0 und d |
| 050 ## - LIBRARY OF CONGRESS CALL NUMBER | |
| Classification number | GE1055.N42 2011 |
| 245 ## - TITLE STATEMENT | |
| Title | _Evironmental Scince Toward a Sustainable Future Richard T. Wright |
| 260 ## - PUBLICATION, DISTRIBUTION, ETC. (IMPRINT) | |
| Place of publication, distribution, etc. | Boston Pearson 2011 |
| 300 ## - PHYSICAL DESCRIPTION | |
| Extent | xxii,674p.ill |
| 500 ## - GENERAL NOTE | |
| General note | Inclide index |
| 500 ## - GENERAL NOTE | |
| General note | Inclide index |
| 650 ## - SUBJECT ADDED ENTRY--TOPICAL TERM | |
| Topical term or geographic name as entry element | _Environmental science |
| 700 ## - ADDED ENTRY--PERSONAL NAME | |
| Personal name | _Boorse,Dorothy F. |
| 980 ## - EQUIVALENCE OR CROSS-REFERENCE-SERIES STATEMENT--PERSONAL NAME/TITLE [LOCAL, CANADA] | |
| Personal name | ^d20130524 11:54:13^okorir |
No items available.